| 000 | 00532 a2200181 4500 | ||
|---|---|---|---|
| 999 |
_c5262 _d5262 |
||
| 010 | _aENG-86798 | ||
| 020 |
_c695.00 _a8131300625 |
||
| 035 | _aEN-70331 | ||
| 037 | _bDBAD / PUB | ||
| 082 | 0 | 0 | _a070.4 |
| 100 | 1 | _aSingh, J.K. | |
| 245 | 1 | 0 |
_aMedia and journalism / _cby J.K. Singh |
| 260 |
_aNew Delhi _bA P H Publishing _c2007 |
||
| 270 |
_a5, Ansari Road, Darya Ganj _bNew Delhi _maphbooks@vsnl.net _e110 002 |
||
| 300 |
_aix, 258p _c21 cm (Hb) |
||
| 500 | _aIncludes index | ||
| 942 |
_adpl _cEN _2ddc _h070.4 _mSIN |
||